[Event "Open de la Constitución 2019"]
[Site "S. S. de los Reyes ESP"]
[Date "2019.11.30"]
[Round "1.1"]
[White "Rubio Caceres, Aaron"]
[Black "Sanchez Saez, Francisco"]
[Result "0-1"]
[WhiteElo "1711"]
[BlackElo "2337"]
[PlyCount "80"]
[EventDate "2019.11.30"]
[EventType "swiss"]
[EventRounds "9"]
[EventCountry "ESP"]
[SourceTitle "Ajedrez en Madrid"]
[Source "lmi"]
[SourceDate "2019.11.30"]
[SourceVersion "1"]
[SourceVersionDate "2019.12.16"]
[SourceQuality "1"]

1. g3 g6 2. Bg2 Bg7 3. d4 d6 4. c4 Nf6 5. Nf3 O-O 6. Nc3 Nc6 7. O-O a6 8. e4
Bg4 9. h3 Bxf3 10. Bxf3 e5 11. Be3 exd4 12. Bxd4 Nxd4 13. Qxd4 Nd7 14. Qd2 Ne5
15. Be2 Qd7 16. Kh2 b5 17. cxb5 axb5 18. b3 Rab8 19. Rac1 c5 20. Rfd1 b4 21.
Na4 Qb7 22. Qd5 Nc6 23. Bc4 Nd4 24. Qxb7 Rxb7 25. Kg2 Re8 26. Bd5 Ra7 27. Rf1
Kf8 28. Rcd1 f5 29. f3 Nc2 30. Rd3 Bd4 31. Kh2 Ne3 32. Rc1 Nxd5 33. exd5 Re2+
34. Kh1 Rae7 35. Nb6 Rxa2 36. Nc4 Ree2 37. Rxd4 cxd4 38. Nxd6 d3 39. Nc4 d2 40.
Rg1 Re1 0-1

[Event "Open de la Constitución 2019"]
[Site "S. S. de los Reyes ESP"]
[Date "2019.11.30"]
[Round "1.2"]
[White "Martinez Fernandez, Raul"]
[Black "Blanco Martin, Oscar"]
[Result "1/2-1/2"]
[WhiteElo "2203"]
[BlackElo "1692"]
[PlyCount "72"]
[EventDate "2019.11.30"]
[EventType "swiss"]
[EventRounds "9"]
[EventCountry "ESP"]
[SourceTitle "Ajedrez en Madrid"]
[Source "lmi"]
[SourceDate "2019.11.30"]
[SourceVersion "1"]
[SourceVersionDate "2019.12.16"]
[SourceQuality "1"]

1. e4 e6 2. d4 d5 3. Nc3 dxe4 4. Nxe4 Nf6 5. Bd3 Nc6 6. Nf3 h6 7. O-O Bd6 8. b3
O-O 9. Bb2 Nxe4 10. Bxe4 f5 11. Bd3 Bd7 12. Re1 g5 13. d5 exd5 14. Bb5 Rf7 15.
Qxd5 Nb4 16. Qd4 Rh7 17. Bc4+ Kf8 18. a3 Nxc2 19. Qd5 Rg7 20. Bxg7+ Kxg7 21.
Qf7+ Kh8 22. Ne5 Bxe5 23. Rxe5 Nxa1 24. Qg6 Qf8 25. h4 Re8 26. Rxe8 Bxe8 27.
Qe6 Bc6 28. hxg5 hxg5 29. Qe5+ Qg7 30. Qxf5 Be8 31. Qh3+ Qh7 32. Qe3 Bg6 33.
Qxg5 Qg7 34. f4 Nc2 35. Qd8+ Kh7 36. Qh4+ Qh6 1/2-1/2

[Event "Open de la Constitución 2019"]
[Site "S. S. de los Reyes ESP"]
[Date "2019.11.30"]
[Round "1.3"]
[White "Campos Rodriguez, Alvaro"]
[Black "Longa Yauca, Javier"]
[Result "0-1"]
[WhiteElo "1691"]
[BlackElo "2198"]
[PlyCount "64"]
[EventDate "2019.11.30"]
[EventType "swiss"]
[EventRounds "9"]
[EventCountry "ESP"]
[SourceTitle "Ajedrez en Madrid"]
[Source "lmi"]
[SourceDate "2019.11.30"]
[SourceVersion "1"]
[SourceVersionDate "2019.12.16"]
[SourceQuality "1"]

1. e4 d6 2. d4 Nf6 3. Nc3 Nbd7 4. Bc4 c6 5. a4 e6 6. Nf3 d5 7. Bd3 Bb4 8. exd5
exd5 9. Qe2+ Qe7 10. Qxe7+ Bxe7 11. O-O O-O 12. Bf4 Re8 13. Rfe1 a5 14. h3 Nf8
15. Bg5 Ne6 16. Bh4 b6 17. Rad1 Bb7 18. Bg3 g6 19. Nb1 Ba6 20. Bxa6 Rxa6 21.
Ne5 Rc8 22. c3 b5 23. axb5 cxb5 24. Nd3 Ne4 25. Bh2 b4 26. f3 bxc3 27. fxe4 c2
28. Rc1 dxe4 29. Ne5 Bg5 30. d5 Bxc1 31. Rxc1 Nd4 32. Bf4 Ne2+ 0-1

[Event "Open de la Constitución 2019"]
[Site "S. S. de los Reyes ESP"]
[Date "2019.11.30"]
[Round "1.4"]
[White "Quevedo Marin, Manuel"]
[Black "Perdiguero Herreros, Alejandro"]
[Result "1-0"]
[WhiteElo "2197"]
[BlackElo "1675"]
[PlyCount "89"]
[EventDate "2019.11.30"]
[EventType "swiss"]
[EventRounds "9"]
[EventCountry "ESP"]
[SourceTitle "Ajedrez en Madrid"]
[Source "lmi"]
[SourceDate "2019.11.30"]
[SourceVersion "1"]
[SourceVersionDate "2019.12.16"]
[SourceQuality "1"]

1. c4 e6 2. Nf3 Nf6 3. g3 d5 4. Bg2 c6 5. O-O dxc4 6. Qc2 b5 7. b3 cxb3 8. axb3
Bb7 9. Bb2 c5 10. Rd1 Nbd7 11. Nc3 Qb6 12. Nh4 Bxg2 13. Nxg2 Be7 14. Ne4 O-O
15. Ng5 h6 16. Nf3 Nd5 17. d3 Bf6 18. Nd2 Nb4 19. Qb1 Rfd8 20. Ne4 Bd4 21. Ne3
Bxe3 22. fxe3 Nd5 23. Qc1 Rac8 24. Rf1 e5 25. Rf3 Re8 26. Qf1 f6 27. Qc1 Nf8
28. Kh1 Ne6 29. Ba3 Rc7 30. h4 Rec8 31. Qf1 Rc6 32. Qh3 R8c7 33. Qg4 Kh8 34.
Qh5 Kh7 35. Qf5+ g6 36. Nxf6+ Nxf6 37. Qxe5 Ng4 38. Qe4 h5 39. Raf1 Ng7 40. Rf8
Rf6 41. R1xf6 Nxf6 42. Qf3 Ng4 43. Bb2 Qb7 44. e4 Nf5 45. Rh8# 1-0

[Event "Open de la Constitución 2019"]
[Site "S. S. de los Reyes ESP"]
[Date "2019.11.30"]
[Round "1.5"]
[White "Villaverde Casalengua, Jose Luis"]
[Black "Iagar, Razvan-Gabriel"]
[Result "0-1"]
[WhiteElo "1675"]
[BlackElo "2182"]
[PlyCount "132"]
[EventDate "2019.11.30"]
[EventType "swiss"]
[EventRounds "9"]
[EventCountry "ESP"]
[SourceTitle "Ajedrez en Madrid"]
[Source "lmi"]
[SourceDate "2019.11.30"]
[SourceVersion "1"]
[SourceVersionDate "2019.12.16"]
[SourceQuality "1"]

1. e4 e6 2. g3 c5 3. Bg2 Nc6 4. c4 g6 5. Nc3 Bg7 6. Nf3 Nge7 7. O-O d6 8. d3
O-O 9. Bf4 Nd4 10. Rb1 Nec6 11. Ne2 e5 12. Nfxd4 Nxd4 13. Bd2 f5 14. Nxd4 exd4
15. f3 Rb8 16. b4 b6 17. b5 Be6 18. Qc1 Qd7 19. a4 fxe4 20. fxe4 Bg4 21. Rxf8+
Rxf8 22. Bf4 Be5 23. Bh6 Rf7 24. Qd2 Qd8 25. Bg5 Bf6 26. Bh6 Be5 27. Bg5 Qc8
28. Bh6 Qe8 29. Qg5 Bc8 30. Qd2 Qe6 31. Rf1 Rxf1+ 32. Bxf1 Qf6 33. Bg5 Qf7 34.
Bg2 h5 35. Bf1 Bg4 36. Be2 Bh3 37. Qe1 Kg7 38. Qf2 Bf6 39. Bf4 Qe7 40. Bf1 Bc8
41. h4 Be5 42. Bg5 Qe6 43. Be2 Qh3 44. Bf4 Bd7 45. Bf1 Qe6 46. Be2 Qe8 47. Kh2
Qa8 48. Qf1 a6 49. Qc1 axb5 50. Bxe5+ dxe5 51. Qg5 Qf8 52. Qxe5+ Kh7 53. axb5
Qf2+ 54. Kh1 Qe1+ 55. Kh2 Qxe2+ 56. Kh1 Qf1+ 57. Kh2 Qf2+ 58. Kh1 Bg4 59. Qe7+
Kg8 60. Qe8+ Kg7 61. Qe7+ Qf7 62. Qe5+ Qf6 63. Qc7+ Kh6 64. Qb8 Qf1+ 65. Kh2
Qf2+ 66. Kh1 Bf3# 0-1

[Event "Open de la Constitución 2019"]
[Site "S. S. de los Reyes ESP"]
[Date "2019.11.30"]
[Round "1.6"]
[White "Alfaya Marcelo, Roberto"]
[Black "Boza Moreno, Pedro"]
[Result "1-0"]
[WhiteElo "2171"]
[BlackElo "1671"]
[PlyCount "37"]
[EventDate "2019.11.30"]
[EventType "swiss"]
[EventRounds "9"]
[EventCountry "ESP"]
[SourceTitle "Ajedrez en Madrid"]
[Source "lmi"]
[SourceDate "2019.11.30"]
[SourceVersion "1"]
[SourceVersionDate "2019.12.16"]
[SourceQuality "1"]

1. d4 e6 2. c4 Nf6 3. Nc3 d5 4. cxd5 exd5 5. Bg5 c6 6. e3 Be7 7. Qc2 h6 8. Bh4
Be6 9. Bd3 Nbd7 10. Nge2 a6 11. O-O Nh5 12. Bxe7 Qxe7 13. Rae1 O-O 14. Nf4 Nxf4
15. exf4 Rae8 16. f5 Nf6 17. fxe6 fxe6 18. Bg6 Rd8 19. h3 1-0

[Event "Open de la Constitución 2019"]
[Site "S. S. de los Reyes ESP"]
[Date "2019.11.30"]
[Round "1.7"]
[White "Savchuk, Olga"]
[Black "Perez Gonzalez, Jose Manuel"]
[Result "0-1"]
[WhiteElo "1611"]
[BlackElo "2161"]
[PlyCount "84"]
[EventDate "2019.11.30"]
[EventType "swiss"]
[EventRounds "9"]
[EventCountry "ESP"]
[SourceTitle "Ajedrez en Madrid"]
[Source "lmi"]
[SourceDate "2019.11.30"]
[SourceVersion "1"]
[SourceVersionDate "2019.12.16"]
[SourceQuality "1"]

1. e4 c5 2. Nf3 d6 3. d4 cxd4 4. Nxd4 Nf6 5. Nc3 a6 6. a4 Nc6 7. Be2 g6 8. Be3
Bg7 9. O-O O-O 10. Qd2 Bd7 11. Rad1 Rc8 12. Nb3 Ne5 13. Qc1 Nc4 14. Bxc4 Rxc4
15. Rd4 Qc7 16. Bh6 Rc8 17. Bxg7 Kxg7 18. Qe3 Be6 19. Kh1 b5 20. axb5 axb5 21.
Nxb5 Qb7 22. Nc3 Rxd4 23. Qxd4 Bxb3 24. cxb3 Qxb3 25. Qd2 Rb8 26. Rb1 Rb4 27.
f3 e6 28. h3 d5 29. e5 Nd7 30. Qg5 h6 31. Qg3 Qc2 32. Qe1 Rxb2 33. Rxb2 Qxb2
34. f4 Nc5 35. Qh4 Qxc3 36. Qf6+ Kg8 37. Qd8+ Kh7 38. Qf6 Qa1+ 39. Kh2 Qa7 40.
h4 Ne4 41. Qd8 Qf2 42. Qf8 Qxf4+ 0-1

[Event "Open de la Constitución 2019"]
[Site "S. S. de los Reyes ESP"]
[Date "2019.11.30"]
[Round "1.8"]
[White "Torres Boch, Jose F."]
[Black "De Dompablo Fantova, Juan"]
[Result "1-0"]
[WhiteElo "2154"]
[BlackElo "1598"]
[PlyCount "75"]
[EventDate "2019.11.30"]
[EventType "swiss"]
[EventRounds "9"]
[EventCountry "ESP"]
[SourceTitle "Ajedrez en Madrid"]
[Source "lmi"]
[SourceDate "2019.11.30"]
[SourceVersion "1"]
[SourceVersionDate "2019.12.16"]
[SourceQuality "1"]

1. e4 g6 2. d4 Bg7 3. Nc3 d6 4. Be3 a6 5. a4 Nd7 6. Qd2 b6 7. f4 c5 8. d5 Qc7
9. Bc4 Bb7 10. Nf3 Ngf6 11. h3 O-O 12. O-O Rfd8 13. Rae1 Nf8 14. Ng5 h6 15. e5
Nh5 16. Nxf7 Kxf7 17. g4 Nf6 18. g5 Nh5 19. gxh6 Bxh6 20. f5 Bxe3+ 21. Qxe3 Kg7
22. f6+ exf6 23. exf6+ Kh8 24. Ne4 Re8 25. f7 Kg7 26. Qc3+ Re5 27. Nxd6 Qxd6
28. Rxe5 Kh6 29. Qe3+ Kg7 30. Be2 Nf6 31. c4 Kxf7 32. Bd3 Rd8 33. Qg5 N8d7 34.
Qxg6+ Kf8 35. Qh6+ Kf7 36. Bg6+ Kg8 37. Rg5 Nf8 38. Be8+ 1-0

[Event "Open de la Constitución 2019"]
[Site "S. S. de los Reyes ESP"]
[Date "2019.11.30"]
[Round "1.9"]
[White "Rubio Gonzalez, Beltran"]
[Black "Perez Ordoñez, Jose Ramon"]
[Result "0-1"]
[WhiteElo "1596"]
[BlackElo "2149"]
[PlyCount "50"]
[EventDate "2019.11.30"]
[EventType "swiss"]
[EventRounds "9"]
[EventCountry "ESP"]
[SourceTitle "Ajedrez en Madrid"]
[Source "lmi"]
[SourceDate "2019.11.30"]
[SourceVersion "1"]
[SourceVersionDate "2019.12.16"]
[SourceQuality "1"]

1. d4 Nf6 2. c4 e6 3. Nc3 d5 4. cxd5 exd5 5. Bg5 Be7 6. e3 c6 7. Qc2 h6 8. Bh4
Nbd7 9. Bd3 Nh5 10. Bxe7 Qxe7 11. Nge2 Nb6 12. Rb1 O-O 13. O-O Be6 14. b4 a6
15. a4 Rfc8 16. Nc1 Nc4 17. Qe2 g6 18. b5 cxb5 19. axb5 Nxe3 20. fxe3 Rxc3 21.
bxa6 bxa6 22. Qb2 Rcc8 23. Qe2 Re8 24. Bxa6 Bg4 25. Qd3 Bf5 0-1

[Event "Open de la Constitución 2019"]
[Site "S. S. de los Reyes ESP"]
[Date "2019.11.30"]
[Round "1.10"]
[White "Lozano Suarez, Luis Miguel"]
[Black "Alfaya Martinez, Enrique"]
[Result "1-0"]
[WhiteElo "2130"]
[BlackElo "1560"]
[PlyCount "83"]
[EventDate "2019.11.30"]
[EventType "swiss"]
[EventRounds "9"]
[EventCountry "ESP"]
[SourceTitle "Ajedrez en Madrid"]
[Source "lmi"]
[SourceDate "2019.11.30"]
[SourceVersion "1"]
[SourceVersionDate "2019.12.16"]
[SourceQuality "1"]

1. e4 c5 2. b3 d6 3. Bb2 Nf6 4. Nc3 a6 5. g3 Nc6 6. Bg2 e5 7. Nge2 Be7 8. a4
O-O 9. O-O Bg4 10. h3 Bh5 11. g4 Bg6 12. f4 exf4 13. Nxf4 Qb6 14. Kh1 Ne5 15.
d3 h6 16. Qe1 Bh7 17. Qg3 Qd8 18. Qe1 Rb8 19. a5 Re8 20. Na4 Nfd7 21. Nd5 Bh4
22. Qc3 Qg5 23. Bc1 Qd8 24. Bf4 Nf6 25. Nab6 Nxd5 26. Nxd5 Nc6 27. Bh2 Nd4 28.
Qd2 Bg5 29. Qf2 Bg6 30. Bg3 Qd7 31. h4 Bd8 32. h5 Bh7 33. Bxd6 Bh4 34. Qxh4
Qxd6 35. Qf2 Rf8 36. b4 Ne6 37. bxc5 Nxc5 38. e5 Qxe5 39. Qxc5 Rfe8 40. Qf2 f6
41. Qf4 Qe2 42. Nxf6+ 1-0

[Event "Open de la Constitución 2019"]
[Site "S. S. de los Reyes ESP"]
[Date "2019.11.30"]
[Round "1.11"]
[White "Martinez Miura, Enrique"]
[Black "Pindado Campos, Raul"]
[Result "0-1"]
[WhiteElo "1554"]
[BlackElo "2100"]
[PlyCount "86"]
[EventDate "2019.11.30"]
[EventType "swiss"]
[EventRounds "9"]
[EventCountry "ESP"]
[SourceTitle "Ajedrez en Madrid"]
[Source "lmi"]
[SourceDate "2019.11.30"]
[SourceVersion "1"]
[SourceVersionDate "2019.12.16"]
[SourceQuality "1"]

1. e4 c5 2. Nf3 d6 3. d4 cxd4 4. Nxd4 Nf6 5. Nc3 g6 6. Be2 Bg7 7. O-O O-O 8.
Be3 Nc6 9. h3 Bd7 10. Qd2 a6 11. Rad1 b5 12. a3 Rc8 13. Nxc6 Bxc6 14. Bf3 Nd7
15. Bd4 Ne5 16. Be2 Bb7 17. f4 Bh6 18. Qe1 Nc4 19. Bxc4 Rxc4 20. Qf2 Qa8 21.
Nd5 Bxd5 22. exd5 Qc8 23. c3 Bg7 24. Bxg7 Kxg7 25. Qe3 Qc5 26. Qxc5 Rxc5 27.
Rfe1 Re8 28. Rd4 h5 29. g4 hxg4 30. hxg4 Rc7 31. Kg2 Rh8 32. Rh1 Rxh1 33. Kxh1
g5 34. f5 Kf6 35. Kg2 Ke5 36. Kf3 Rc4 37. Rd3 Rf4+ 38. Kg3 Re4 39. Rd1 Re2 40.
b4 Re3+ 41. Kf2 Rxc3 42. Re1+ Kf6 43. Ra1 Rd3 0-1

[Event "Open de la Constitución 2019"]
[Site "S. S. de los Reyes ESP"]
[Date "2019.11.30"]
[Round "1.12"]
[White "Cabañas Bravo, Juan Andres"]
[Black "Pindado Del Carmen, Eliseo"]
[Result "1-0"]
[WhiteElo "2063"]
[BlackElo "1531"]
[PlyCount "35"]
[EventDate "2019.11.30"]
[EventType "swiss"]
[EventRounds "9"]
[EventCountry "ESP"]
[SourceTitle "Ajedrez en Madrid"]
[Source "lmi"]
[SourceDate "2019.11.30"]
[SourceVersion "1"]
[SourceVersionDate "2019.12.16"]
[SourceQuality "1"]

1. e4 d5 2. exd5 Qxd5 3. Nc3 Qa5 4. d4 c6 5. Bc4 Nf6 6. Bd2 Qd8 7. Qe2 Qxd4 8.
O-O-O Qg4 9. Nf3 b5 10. Bxf7+ Kd8 11. Bf4+ Nbd7 12. Qe5 e6 13. Bxe6 Qxg2 14.
Ng5 Be7 15. Rhe1 Nd5 16. Nf7+ Ke8 17. Bxd7+ Kxf7 18. Nxd5 1-0

[Event "Open de la Constitución 2019"]
[Site "S. S. de los Reyes ESP"]
[Date "2019.11.30"]
[Round "1.13"]
[White "Lozano Hernanz, Rodrigo"]
[Black "Martin Rodriguez, Emilio"]
[Result "0-1"]
[WhiteElo "1485"]
[BlackElo "2030"]
[PlyCount "68"]
[EventDate "2019.11.30"]
[EventType "swiss"]
[EventRounds "9"]
[EventCountry "ESP"]
[SourceTitle "Ajedrez en Madrid"]
[Source "lmi"]
[SourceDate "2019.11.30"]
[SourceVersion "1"]
[SourceVersionDate "2019.12.16"]
[SourceQuality "1"]

1. e4 c6 2. d4 d5 3. exd5 cxd5 4. Nc3 Nc6 5. Bb5 Nf6 6. Nf3 Bg4 7. Bf4 e6 8. h3
Bxf3 9. Qxf3 Be7 10. O-O O-O 11. Bxc6 bxc6 12. Ne2 Qb6 13. Qb3 Qa6 14. Rfe1 c5
15. c3 Rac8 16. Bg5 Rfe8 17. Bxf6 Bxf6 18. dxc5 Rxc5 19. a4 Rec8 20. Nc1 g6 21.
Na2 Qd6 22. Rad1 Rb8 23. Qc2 Qb6 24. b4 Rc4 25. Qd3 Qc6 26. b5 Qc5 27. Qe3 Qxe3
28. Rxe3 Rxa4 29. Nb4 Rxb5 30. Nc6 Rc5 31. Nd4 Ra3 32. Rdd3 Bg5 33. Rg3 Ra1+
34. Kh2 Bf4 0-1

[Event "Open de la Constitución 2019"]
[Site "S. S. de los Reyes ESP"]
[Date "2019.11.30"]
[Round "1.14"]
[White "Aziz Ortego, Omar Luis"]
[Black "Gonzalez Morente, Jose A"]
[Result "1-0"]
[WhiteElo "2019"]
[BlackElo "1476"]
[PlyCount "105"]
[EventDate "2019.11.30"]
[EventType "swiss"]
[EventRounds "9"]
[EventCountry "ESP"]
[SourceTitle "Ajedrez en Madrid"]
[Source "lmi"]
[SourceDate "2019.11.30"]
[SourceVersion "1"]
[SourceVersionDate "2019.12.16"]
[SourceQuality "1"]

1. e4 d5 2. exd5 Qxd5 3. Nf3 Bg4 4. Be2 Nf6 5. h3 Bh5 6. d4 e6 7. O-O Be7 8. c4
Qd8 9. Nc3 O-O 10. Be3 Nbd7 11. Qb3 b6 12. Rad1 c6 13. Rd2 Qc7 14. Rfd1 Rfd8
15. Qa4 Rac8 16. b4 a5 17. a3 axb4 18. axb4 Ra8 19. Qb3 Bg6 20. Bd3 Bh5 21. g4
Bg6 22. Bxg6 hxg6 23. b5 Ra3 24. Qb2 Rxc3 25. Qxc3 Ne4 26. Qb3 Nxd2 27. Rxd2
Nf6 28. Ne5 cxb5 29. cxb5 Nd5 30. Rc2 Qb7 31. Rc6 Rc8 32. Qc4 Rxc6 33. bxc6 Qc7
34. Bd2 Bd6 35. Qb5 Bxe5 36. dxe5 Qxe5 37. Be3 Qa1+ 38. Kg2 Nxe3+ 39. fxe3 Qa7
40. Qd3 Qa8 41. Qd7 Kf8 42. Kf3 Qe8 43. Qb7 Qd8 44. Ke2 Qd5 45. Qxb6 Qg2+ 46.
Kd3 Qd5+ 47. Kc3 Qe5+ 48. Kb4 Qb2+ 49. Kc5 Qc3+ 50. Kd6 Qd2+ 51. Kc7 Ke7 52.
Kb8 Qd6+ 53. Qc7+ 1-0

[Event "Open de la Constitución 2019"]
[Site "S. S. de los Reyes ESP"]
[Date "2019.11.30"]
[Round "1.15"]
[White "Vallespin Morales, Antonio"]
[Black "Bassani, Jaison Jose"]
[Result "0-1"]
[WhiteElo "1407"]
[BlackElo "2013"]
[PlyCount "66"]
[EventDate "2019.11.30"]
[EventType "swiss"]
[EventRounds "9"]
[EventCountry "ESP"]
[SourceTitle "Ajedrez en Madrid"]
[Source "lmi"]
[SourceDate "2019.11.30"]
[SourceVersion "1"]
[SourceVersionDate "2019.12.16"]
[SourceQuality "1"]

1. e4 c5 2. Nf3 Nc6 3. Bb5 g6 4. Bxc6 dxc6 5. O-O Bg7 6. Nc3 Bg4 7. h3 Bxf3 8.
Qxf3 e5 9. Na4 Qd4 10. Nc3 Nf6 11. d3 O-O 12. Be3 Qd6 13. Rad1 Nd7 14. a4 a5
15. Nb1 f5 16. Na3 f4 17. Nc4 Qe7 18. Bd2 b6 19. b3 Rf7 20. Bc3 Raf8 21. Kh2 g5
22. Nd2 Qe6 23. Rh1 Qg6 24. Kg1 h5 25. Rf1 g4 26. Qd1 f3 27. g3 h4 28. Kh2
hxg3+ 29. fxg3 Bh6 30. Nc4 b5 31. Nxe5 Nxe5 32. Bxe5 Qh5 33. Bd6 Qxh3+ 0-1

[Event "Open de la Constitución 2019"]
[Site "S. S. de los Reyes ESP"]
[Date "2019.11.30"]
[Round "1.16"]
[White "Ramos Fernandez, Pedro"]
[Black "Solanilla Olcese, Ada"]
[Result "1-0"]
[WhiteElo "2008"]
[BlackElo "1379"]
[PlyCount "115"]
[EventDate "2019.11.30"]
[EventType "swiss"]
[EventRounds "9"]
[EventCountry "ESP"]
[SourceTitle "Ajedrez en Madrid"]
[Source "lmi"]
[SourceDate "2019.11.30"]
[SourceVersion "1"]
[SourceVersionDate "2019.12.16"]
[SourceQuality "1"]

1. e4 e5 2. Nf3 Nc6 3. Bc4 Nf6 4. d3 d6 5. c3 Bg4 6. Nbd2 Be7 7. Qb3 O-O 8.
Qxb7 Na5 9. Qa6 c5 10. b4 Nxc4 11. Qxc4 Be6 12. Qa6 Rb8 13. bxc5 dxc5 14. Nxe5
Qc7 15. Ndc4 Bxc4 16. Nxc4 Rfd8 17. Ne3 Rd6 18. Qc4 Nd7 19. Nd5 Qd8 20. Bf4 Nb6
21. Nxe7+ Qxe7 22. Qxc5 Rbd8 23. Bxd6 Rxd6 24. e5 Rd7 25. Qxe7 Rxe7 26. Kd2 h6
27. Rhe1 Kf8 28. Rab1 Ke8 29. c4 Rd7 30. Rxb6 axb6 31. e6 Ra7 32. exf7+ Kxf7
33. Rb1 Rxa2+ 34. Ke3 Ra6 35. Ke4 Ke6 36. f4 Kf7 37. g4 g6 38. h4 h5 39. gxh5
gxh5 40. Rb5 Ra5 41. Rxa5 bxa5 42. Kd4 Kf6 43. c5 a4 44. c6 a3 45. Kc3 Ke7 46.
f5 a2 47. Kb2 Ke8 48. f6 Kd8 49. f7 Ke7 50. c7 Kxf7 51. c8=Q Ke7 52. Kxa2 Kd6
53. Qf5 Kc6 54. Kb3 Kb7 55. Kb4 Kb8 56. Kc5 Ka8 57. Kb6 Kb8 58. Qf8# 1-0

[Event "Open de la Constitución 2019"]
[Site "S. S. de los Reyes ESP"]
[Date "2019.11.30"]
[Round "1.17"]
[White "Diaz Del Prado, Carlos"]
[Black "Bello Burguet, Glenier Lazaro"]
[Result "0-1"]
[WhiteElo "1287"]
[BlackElo "2001"]
[PlyCount "28"]
[EventDate "2019.11.30"]
[EventType "swiss"]
[EventRounds "9"]
[EventCountry "ESP"]
[SourceTitle "Ajedrez en Madrid"]
[Source "lmi"]
[SourceDate "2019.11.30"]
[SourceVersion "1"]
[SourceVersionDate "2019.12.16"]
[SourceQuality "1"]

1. d4 Nf6 2. Nf3 d5 3. e3 e6 4. Bd3 c5 5. c3 Nc6 6. Nbd2 Bd6 7. O-O O-O 8. Re1
e5 9. dxe5 Nxe5 10. e4 Nxd3 11. e5 Nxe1 12. exf6 Nxf3+ 13. Qxf3 Qxf6 14. Qxd5
Qe5 0-1

[Event "Open de la Constitución 2019"]
[Site "S. S. de los Reyes ESP"]
[Date "2019.11.30"]
[Round "1.18"]
[White "Alonso Abad, Enrique"]
[Black "Raskin Calvo, Maximilian"]
[Result "1-0"]
[WhiteElo "1994"]
[BlackElo "1264"]
[PlyCount "33"]
[EventDate "2019.11.30"]
[EventType "swiss"]
[EventRounds "9"]
[EventCountry "ESP"]
[SourceTitle "Ajedrez en Madrid"]
[Source "lmi"]
[SourceDate "2019.11.30"]
[SourceVersion "1"]
[SourceVersionDate "2019.12.16"]
[SourceQuality "1"]

1. e4 c5 2. Nc3 e6 3. g3 a6 4. Bg2 Nc6 5. d3 Nge7 6. Be3 Ng6 7. Nge2 b5 8. O-O
Bb7 9. d4 cxd4 10. Nxd4 Nce5 11. b3 f6 12. f4 Nf7 13. f5 exf5 14. Nxf5 Nge5 15.
Nd5 g6 16. Bb6 Qb8 17. Nxf6# 1-0

[Event "Open de la Constitución 2019"]
[Site "S. S. de los Reyes ESP"]
[Date "2019.11.30"]
[Round "1.19"]
[White "Diez Cuarental, Luis Pablo"]
[Black "Salvador Cabo, Cesar"]
[Result "0-1"]
[WhiteElo "1208"]
[BlackElo "1988"]
[PlyCount "56"]
[EventDate "2019.11.30"]
[EventType "swiss"]
[EventRounds "9"]
[EventCountry "ESP"]
[SourceTitle "Ajedrez en Madrid"]
[Source "lmi"]
[SourceDate "2019.11.30"]
[SourceVersion "1"]
[SourceVersionDate "2019.12.16"]
[SourceQuality "1"]

1. e4 c6 2. d4 d5 3. e5 c5 4. Nc3 cxd4 5. Qxd4 e6 6. Nf3 Nc6 7. Bb5 Bd7 8. Qa4
a6 9. Bxc6 Bxc6 10. Bg5 f6 11. exf6 gxf6 12. Qd4 fxg5 13. Qxh8 Nf6 14. Nxg5 Qe7
15. O-O O-O-O 16. Rfe1 Bg7 17. Rxe6 Qd7 18. Rd6 Rxh8 19. Rxd7 Kxd7 20. Rd1 Re8
21. g3 Kc7 22. f3 Bf8 23. Kf1 h6 24. Nh3 Bc5 25. Nf4 d4 26. Nb1 Bxf3 27. Rd3
Bc6 28. Kf2 Ng4+ 0-1

[Event "Open de la Constitución 2019"]
[Site "S. S. de los Reyes ESP"]
[Date "2019.11.30"]
[Round "1.20"]
[White "Campos Calvo-Sotelo, Javier"]
[Black "Valle Fernandez de Castro, Luis"]
[Result "1-0"]
[WhiteElo "1951"]
[BlackElo "1174"]
[PlyCount "61"]
[EventDate "2019.11.30"]
[EventType "swiss"]
[EventRounds "9"]
[EventCountry "ESP"]
[SourceTitle "Ajedrez en Madrid"]
[Source "lmi"]
[SourceDate "2019.11.30"]
[SourceVersion "1"]
[SourceVersionDate "2019.12.16"]
[SourceQuality "1"]

1. d4 g6 2. g3 Nf6 3. Bg2 Bg7 4. e4 d6 5. Ne2 Nbd7 6. O-O e5 7. Nbc3 O-O 8. h3
b6 9. dxe5 dxe5 10. Be3 Bb7 11. Qd2 Nc5 12. Qxd8 Rfxd8 13. Bxc5 bxc5 14. Rad1
a5 15. b3 Ba6 16. Rfe1 c4 17. Bf3 cxb3 18. axb3 Bh6 19. Nd5 Nxd5 20. exd5 f5
21. Nc3 e4 22. Be2 Bb7 23. Bc4 Kh8 24. Nb5 Rd7 25. d6 c6 26. Nc7 Rad8 27. Ne6
Re8 28. Nc5 Bf8 29. Nxd7 Bg7 30. Nc5 Bc3 31. d7 1-0

[Event "Open de la Constitución 2019"]
[Site "S. S. de los Reyes ESP"]
[Date "2019.11.30"]
[Round "1.21"]
[White "Martinez-Paul Exposito, Ignacio Jesus"]
[Black "Lopez de Turiso, Jose Angel"]
[Result "0-1"]
[WhiteElo "1148"]
[BlackElo "1947"]
[PlyCount "58"]
[EventDate "2019.11.30"]
[EventType "swiss"]
[EventRounds "9"]
[EventCountry "ESP"]
[SourceTitle "Ajedrez en Madrid"]
[Source "lmi"]
[SourceDate "2019.11.30"]
[SourceVersion "1"]
[SourceVersionDate "2019.12.16"]
[SourceQuality "1"]

1. d4 f5 2. c4 Nf6 3. Nc3 e6 4. Bg5 Be7 5. e3 O-O 6. Nf3 d6 7. Be2 Nbd7 8. O-O
h6 9. Bxf6 Nxf6 10. Qc2 Bd7 11. a4 a5 12. Rfd1 c6 13. c5 dxc5 14. dxc5 Bxc5 15.
Ne5 Qc7 16. Nd3 Bd6 17. f4 Rad8 18. Nb1 Qb6 19. Qc1 Nd5 20. Kf2 Nxf4 21. Nxf4
Bxf4 22. g3 Be5 23. Ra2 f4 24. Nd2 fxe3+ 25. Kg2 exd2 26. Rxd2 Qf2+ 27. Kh1 c5
28. Rxd7 Rxd7 29. Bc4 Qf3+ 0-1